Central Library OPAC University of Rajshahi

প্রেমেন্দ্র গ্রন্থাবলী / (Record no. 41049)

MARC details
000 -LEADER
fixed length control field 00869nam a2200229 a 4500
001 - CONTROL NUMBER
control field 41049
003 - CONTROL NUMBER IDENTIFIER
rucl marc code BD-RjUL
005 - DATE AND TIME OF LATEST TRANSACTION
control field 20211209053323.0
008 - FIXED-LENGTH DATA ELEMENTS--GENERAL INFORMATION
fixed length control field 160514s ii ||||| |||| 00| 0 ben d
020 ## - INTERNATIONAL STANDARD BOOK NUMBER
Terms of availability : IRs 4.50
035 ## - SYSTEM CONTROL NUMBER
System control number (BD-RjUL)41165
040 ## - CATALOGING SOURCE
Original cataloging agency BD-RjUL
Language of cataloging ben
Transcribing agency BD-RjUL
041 ## - LANGUAGE CODE
Language code of text/sound track or separate title ben
082 ## - DEWEY DECIMAL CLASSIFICATION NUMBER
Edition number 23
Classification number 891.4408
Author mark and year MIP
100 ## - MAIN ENTRY--PERSONAL NAME
Personal name মিত্র, প্রেমেন্দ্র
9 (RLIN) 126308
245 10 - TITLE STATEMENT
Title প্রেমেন্দ্র গ্রন্থাবলী /
Statement of responsibility, etc. প্রেমেন্দ্র মিত্র
260 ## - PUBLICATION, DISTRIBUTION, ETC. (IMPRINT)
Place of publication, distribution, etc. কলিকাতা :
Name of publisher, distributor, etc. বসুমতী-সাহিত্য-মন্দির,
300 ## - PHYSICAL DESCRIPTION
Pagination ১৯৯ পৃ. ;
Size ২৪ সেমি.
650 ## - SUBJECT ADDED ENTRY--TOPICAL TERM
Topical term or geographic name as entry element বাংলা সাহিত্য
General subdivision সংগ্রহ
9 (RLIN) 122902
Topical term or geographic name as entry element Bengali Literature
General subdivision Collection
9 (RLIN) 122903
942 ## - ADDED ENTRY ELEMENTS (KOHA)
Source of classification or shelving scheme Dewey Decimal Classification
Koha item type Books
Holdings
Lost status Source of classification or shelving scheme Damaged status Not for loan Collection code Permanent Location Current Location Shelving location Date acquired Source of acquisition Cost, normal purchase price Total Checkouts Full call number Date last seen Copy number Koha item type
  Dewey Decimal Classification     Non-fiction Central Library, University of Rajshahi Central Library, University of Rajshahi   20/08/1982 Aligorh Library, Rajshahi 13.55   B 891.4408 MIP 14/05/2016 C-2 Books
  Dewey Decimal Classification     Non-fiction Central Library, University of Rajshahi Central Library, University of Rajshahi   10/10/1959 Warsi Book Corporatin 2.14   B 891.4408 MIP 1952 16/08/2016 C-3 Books
  Dewey Decimal Classification     Non-fiction Central Library, University of Rajshahi Central Library, University of Rajshahi   20/08/1982 Aligar Library, Rajshahi 13.50   B 891.4408 MIP 1952 18/08/2016 C-4 Books
  Dewey Decimal Classification     Non-fiction Central Library, University of Rajshahi Central Library, University of Rajshahi   20/08/1982 Aligar Library, Rajshahi 13.50   B 891.4408 MIP 1952 18/08/2016 C-5 Books
  Dewey Decimal Classification   Not For Loan Non-fiction Central Library, University of Rajshahi Central Library, University of Rajshahi Reading Room 20/08/1982 Aligar Library, Rajshahi 13.50   B 891.4408 MIP 1952 18/08/2016 C-1 Books